<?xml version="1.0" encoding="UTF-8"?>
<record
    xmlns:xsi="http://www.w3.org/2001/XMLSchema-instance"
    xsi:schemaLocation="http://www.loc.gov/MARC21/slim http://www.loc.gov/standards/marcxml/schema/MARC21slim.xsd"
    xmlns="http://www.loc.gov/MARC21/slim">

  <leader>00652nam a2200241 a 4500</leader>
  <controlfield tag="001">0001-1230</controlfield>
  <controlfield tag="003">ELIB.Books</controlfield>
  <controlfield tag="008">150529 2010                        eng  </controlfield>
  <datafield tag="020" ind1=" " ind2=" ">
    <subfield code="a">0310200423</subfield>
  </datafield>
  <datafield tag="035" ind1=" " ind2=" ">
    <subfield code="a">(ELIB.Books)0001-1385</subfield>
  </datafield>
  <datafield tag="092" ind1=" " ind2=" ">
    <subfield code="a">246.7</subfield>
    <subfield code="b">Kav</subfield>
  </datafield>
  <datafield tag="100" ind1=" " ind2=" ">
    <subfield code="a">Kavanaugh, Patrick.</subfield>
  </datafield>
  <datafield tag="245" ind1=" " ind2=" ">
    <subfield code="a">Spiritual Moments with the Great Composers</subfield>
  </datafield>
  <datafield tag="260" ind1=" " ind2=" ">
    <subfield code="a">Grand Rapids</subfield>
    <subfield code="b">Zondervan Publishing House</subfield>
    <subfield code="c">1995</subfield>
  </datafield>
  <datafield tag="300" ind1=" " ind2=" ">
    <subfield code="a">192</subfield>
    <subfield code="c">21 Cm</subfield>
  </datafield>
  <datafield tag="500" ind1=" " ind2=" ">
    <subfield code="a">C/o Moe Tarmalar Paw</subfield>
  </datafield>
  <datafield tag="650" ind1=" " ind2=" ">
    <subfield code="a">Music-Religious Aspects</subfield>
  </datafield>
  <datafield tag="856" ind1=" " ind2=" ">
    <subfield code="n">KBTS: Library</subfield>
    <subfield code="u">KBTS: Elib</subfield>
  </datafield>
  <datafield tag="942" ind1=" " ind2=" ">
    <subfield code="2">ddc</subfield>
    <subfield code="c">BK</subfield>
  </datafield>
  <datafield tag="952" ind1=" " ind2=" ">
    <subfield code="0">0</subfield>
    <subfield code="1">0</subfield>
    <subfield code="2">ddc</subfield>
    <subfield code="4">0</subfield>
    <subfield code="7">0</subfield>
    <subfield code="a">KBTS</subfield>
    <subfield code="b">KBTS</subfield>
    <subfield code="d">2015-05-29</subfield>
    <subfield code="l">0</subfield>
    <subfield code="p">15471, 15472</subfield>
    <subfield code="r">2022-01-22 00:00:00</subfield>
    <subfield code="w">2022-01-22</subfield>
    <subfield code="y">BK</subfield>
  </datafield>
  <datafield tag="990" ind1=" " ind2=" ">
    <subfield code="a">2</subfield>
  </datafield>
  <datafield tag="998" ind1=" " ind2=" ">
    <subfield code="c">bat</subfield>
    <subfield code="e">2015-05-29</subfield>
  </datafield>
  <datafield tag="999" ind1=" " ind2=" ">
    <subfield code="c">11230</subfield>
    <subfield code="d">11230</subfield>
  </datafield>
</record>
